000 01807cam a2200505 i 4500
001 ocn607887325
005 20250205130742.0
006 m o d
007 cr un||||a|a||
008 100418s1979 nyua ob 001 0 eng d
020 _a1299555292
020 _a9781299555297
020 _z9780127182605
020 _z0127182608
020 _z0125187505
020 _z9780125187503
040 _aKO
_beng
041 0 _aeng
082 0 4 _a574.5/2636
_218
245 0 0 _aMarine pollution :
_bfunctional responses /
_cedited by Winona B. Vernberg [and others].
260 _aNew York :
_bAcademic Press,
_c1979.
300 _a1 online resource (xiii, 454 pages) :
_billustrations
338 _aonline resource
504 _aIncludes bibliographical references and index.
650 0 _aMarine ecology.
650 0 _aMarine pollution.
650 0 _aMarine animals
_xPhysiology.
650 6 _aPollution marine.
_0(CaQQLa)201-0005872
650 7 _amarine pollution.
_2aat
_0(CStmoGRI)aat300055356
650 7 _aMarine animals
_xPhysiology.
_2fast
_0(OCoLC)fst01009404
650 7 _aMarine ecology.
_2fast
_0(OCoLC)fst01009513
650 7 _aMarine pollution.
_2fast
_0(OCoLC)fst01009826
650 7 _aPoluicao Marinha.
_2larpcal
650 7 _aPoluicao Marinha (Efeitos Biologicos)
_2larpcal
653 _aMarine ecosystems
_aEffects of pollution of oceans Conference proceedings
700 1 _aVernberg, Winona B.,
_d1924-
710 2 _aUniversity of South Carolina.
_bSchool of Public Health.
710 2 _aBelle W. Baruch Institute for Marine Biology and Coastal Research.
710 2 _aNortheast Fisheries Center (U.S.)
856 _uhttps://www.sciencedirect.com/science/book/9780127182605
904 _aRUDRA_R
905 _aR_RANJAN
942 _2ddc
_cEB
999 _c3349
_d3349